ՀՀ Գիտությունների ազգային ակադեմիայի հիմնարար գիտական գրադարան  =   Fundamental Scientific Library of NAS RA

Նամակներ : (Record no. 163249)

MARC details
000 -LEADER
fixed length control field 01614nam a2200361 u 4500
001 - CONTROL NUMBER
control field 000447667
003 - CONTROL NUMBER IDENTIFIER
control field AM-YeHGA
005 - DATE AND TIME OF LATEST TRANSACTION
control field 20250618072453.0
008 - FIXED-LENGTH DATA ELEMENTS--GENERAL INFORMATION
fixed length control field 050614s2005 ai |||||||||||||||||arm d
020 ## - INTERNATIONAL STANDARD BOOK NUMBER
International Standard Book Number 9994195530
040 ## - CATALOGING SOURCE
Original cataloging agency AM-YeHGA
041 0# - LANGUAGE CODE
Language code of text/sound track or separate title arm
041 1# - LANGUAGE CODE
Language code of text/sound track or separate title eng
Language code of original arm
090 ## - LOCALLY ASSIGNED LC-TYPE CALL NUMBER (OCLC); LOCAL CALL NUMBER (RLIN)
-- 164665
100 1# - MAIN ENTRY--PERSONAL NAME
Personal name Գորկի, Արշիլ,
Dates associated with a name 1904-1948
9 (RLIN) 6397
245 10 - TITLE STATEMENT
Title Նամակներ :
Remainder of title [1937-1948թթ.] /
Statement of responsibility, etc. Ա. Գորկի (Ադոյան); Կազմ. և խմբ.՝ Ս. Գեղամյան; Թարգմ.՝ Ք. Կարապետյան, Մ. Սարինյան; Առաջաբ.՝ Շ. Խաչատրյան.
246 15 - VARYING FORM OF TITLE
Title proper/short title Arshile Gorky Adoian
260 ## - PUBLICATION, DISTRIBUTION, ETC.
Place of publication, distribution, etc. Երևան :
Name of publisher, distributor, etc. Գրաբեր,
Date of publication, distribution, etc. 2005 .
300 ## - PHYSICAL DESCRIPTION
Extent 180 էջ :
Other physical details 1 թ. դիմանկ, գեղանկ. ;
Dimensions 22 սմ.
500 ## - GENERAL NOTE
General note Տեքստը զուգահեռ` հայերեն և անգլերեն լեզուներով
500 ## - GENERAL NOTE
General note Տողատակի ծանոթագրություններ
500 ## - GENERAL NOTE
General note Առաջաբան, էջ՝ 4-30
600 14 - SUBJECT ADDED ENTRY--PERSONAL NAME
Personal name Գորկի, Արշիլ (Ոստանիկ Սեդրակի Ադոյան)
Dates associated with a name (1904-1948)
650 14 - SUBJECT ADDED ENTRY--TOPICAL TERM
Topical term or geographic name entry element Համաշխարհային արվեստ
650 14 - SUBJECT ADDED ENTRY--TOPICAL TERM
Topical term or geographic name entry element Գեղանկարչություն
650 14 - SUBJECT ADDED ENTRY--TOPICAL TERM
Topical term or geographic name entry element Նամակներ
653 0# - INDEX TERM--UNCONTROLLED
Uncontrolled term Հայազգի նկարիչներ
700 1# - ADDED ENTRY--PERSONAL NAME
Personal name Գեղամյան, Սեյրանուհի Հայկազի,
Dates associated with a name 1952-
Relator term կազմ.
Relationship com
Relator term խմբ.
Relationship edt
9 (RLIN) 2724
700 1# - ADDED ENTRY--PERSONAL NAME
Personal name Կարապետյան, Քրիստինե
Relator term թարգմ.
Relationship trl
700 1# - ADDED ENTRY--PERSONAL NAME
Personal name Սարինյան, Մանե
Relator term թարգմ.
Relationship trl
700 1# - ADDED ENTRY--PERSONAL NAME
Personal name Խաչատրյան, Շահեն Գևորգի,
Dates associated with a name 1934-
Relator term առաջաբ.
Relationship aui
942 00 - ADDED ENTRY ELEMENTS (KOHA)
Koha issues (borrowed), all copies 1
Holdings
Withdrawn status Lost status Damaged status Not for loan Collection Home library Current library Date acquired Total checkouts Full call number Barcode Date last seen Date last checked out Price effective from Koha item type Public note
        General Fundamental Scientific Library Fundamental Scientific Library 28/12/2016 1 AII/90194 220090194 25/02/2025 25/02/2025 28/12/2016 Գրքեր / Books 30 Days Loan


ՀՀ ԳԱԱ հիմնարար գիտական գրադարան
ՀՀ,Երևան 0019
Մարշալ Բաղրամյան 24/6
հեռախոս:(374-10) 52-47-50
Հետադարձ կապ

All site content, except where otherwise noted, is licensed under a
Creative Commons License